000 00543nam a2200181Ia 4500
005 20250508155619.0
008 008 250505s9999 xx 000 0 eng d
037 _aTextual
040 _aFEDL
_beng
_cFEDL
041 _aeng
_2eng
084 _a500.72, IND
_qFEDL
245 0 _aReport 1959-60
245 0 _cIndia. Ministry of Scientific Research and Cultural Affairs
260 _aNew Delhi, India
_bThe General Manager of Publications
650 _aEducation
942 _cTEXL
_h500.72, IND
999 _c1358226
_d1358226